| 000 | 00362nam a2200145Ia 4500 | ||
|---|---|---|---|
| 005 | 20250313145920.0 | ||
| 008 | 240331s9999 xx 000 0 und d | ||
| 082 |
_bGNA _a894 |
||
| 100 | _aGnani,K | ||
| 245 | 0 | _aPadaippiyal nokkil thamizh ilakiyam | |
| 260 |
_aCoimbatore _bVaikarai _c1994 |
||
| 300 | _a236 p ., | ||
| 500 | _aTamil Ilakiyya Valarchi | ||
| 942 | _cL | ||
| 999 |
_c3862 _d3862 |
||